01363nam a2200265 a 4500001001000000005001700010008004100027041000800068044000700076050001900083100004000102245014100142260005200283300003900335500004400374500001800418500000900436500004900445500008000494500005600574505030500630506009200935650002901027650004101056BRCA_825820190320210211.0300514s1780----sz-abe#f##---#001-0#fre-# afre asz 4aD22b.R39 17801 aRaynal, Guillaume-Thomasd1713-179610aHistoire philosophique et politique des établissemens et du commerce des Européens dans les deux IndescPar Guillaume-Thomas Raynal. aGénova, SuizabChez Jean-Leonard Pelletc1780 a4 vol.bil., mapas, planosc26 cm. aEjemplares se encuentran en caja fuerte aFondo antiguo aT-30 aCon Ex-libris de: Franz Mayer y C.D´OETTING aV.1 - V. III Incluye tabla alfabética de materias y tabla de indicaciones aNota de encuadernación: en piel, pasta española0 aTomos I-IV: Histoire philosophique et politique des établissemens et du commerce des Européens dans les deux Indes.-- Atlas: Atlas des toutes les parties connues du Globe Terrestre, dresse: Histoire philosophique et politique des établissemens et du commerce des Européens dans les deux Indes0 aFondo reservado: para su consulta es necesario credencial de usuario y carta de motivos14aColonizaciónxHistoria14aComerciovPaises dominadosxHistoria